000 01071cab a2200277 4500
001 WB2912-32
008 090401t1993 xxu||||| |||| 00| 0 eng d
035 _a(Sirsi) u9613
041 _aeng
245 _aDemand is up, supply is down
260 _c1993
350 _a0
490 _aDaily Telegraph
_v24 March 1993, 31(2)
520 _aIn stark contrast to the oversupply in the housing market experienced a couple of months ago there now appears to be some shortages especially of new-build. It is thought that there has been a significant reduction following the Government`s £750m package given to housing associations to buy empty property. Tales of gazumping and wanted advertisements are emerging.
650 _aESTATE AGENTS
650 _aGAZUMPING
650 _aHOUSE SALES
650 _aHOUSING ASSOCIATIONS
650 _aOVERSUPPLY
650 _aRICS
650 _aROYAL INSTITUTION OF CHARTERED SURVEYORS
650 _aSHORTAGE
690 _aPROPERTY-RESIDENTIAL PROPERTY-RESIDENTIAL PROPERTY MARKET
942 _n0
948 _c04/03/1997
999 _c6027
_d6027